| 000 | 00793nam a2200277Ia 4500 | ||
|---|---|---|---|
| 001 | dia_3452 | ||
| 003 | CHAP | ||
| 005 | 20230411101616.0 | ||
| 008 | 220117s1989 xx 000 0 und d | ||
| 010 | _a173915 | ||
| 020 | _a0-306-43206-4 | ||
| 040 | _cCHAP | ||
| 082 | _a636.08 F3B | ||
| 110 |
_aFAO. Animal production and health división _9154702 |
||
| 245 |
_aBiotechnology for livestock production / _c FAO |
||
| 260 |
_aRoma, Italia : _b FAO, _c1989 |
||
| 300 | _a452 p. | ||
| 503 | _aI.151157 | ||
| 650 |
_a1.Ganado _xproducción _xcongreso _9154703 |
||
| 650 |
_aBiotecnología _912878 |
||
| 650 |
_aVeterinaria _xcongresos _9118991 |
||
| 901 | _a636.08 F3B | ||
| 902 | _aM | ||
| 905 | _a0000001989 IT X 0000000000ENG00 | ||
| 942 |
_cLIBRO _2ddc |
||
| 999 |
_c173915 _d173915 |
||